banner-ar

هكذا يصبح الطفل قائدا : (Record no. 64462)

MARC details
000 -الفاتح
حقل البيانات ثابتة الطول 01080nam a22002537a 4500
005 - وقت وتاريخ اخر تعامل مع التسجيلة
رقم الضبط 20240530110733.0
008 - عناصر البيانات ثابتة الطول - معلومات عامة
حقل البيانات ثابتة الطول 180515s2007 ua h g 000 0 ara d
040 ## - مصدر الفهرسة
وكالة الفهرسة الأصلية EG-CaGPL
وكالة النسخ EG-CaGPL
082 04 - رقم تصنيف ديوى العشرى
رقم الطبعة 21
رقم التصنيف 155.455 /
رقم المادة س هـ
100 1# - المدخل الرئيسى - إسم شخصى
الإسم الشخصى ستاين، جون بلو
245 10 - بيان العنوان
العنوان هكذا يصبح الطفل قائدا :
بقية العنوان فن رعاية الموهبين /
بيان المسئوليه,etc تاليف جون بلو ستاين ؛ ترجمة اميرة نبيل ؛ الاشراف العلمى عبدالرحمن توفيق
250 ## - بيان الطبعة
بيان الطبعة ط.2
260 ## - PUBLICATION, DISTRIBUTION, ETC. (IMPRINT)
تاريخ النشر أو التوزيع 2007.
300 ## - الوصف المادى
التعداد 219 ص. :
تفاصيل ماديه اخرى للوعاء صور ؛
أبعاد الوعاء 24 سم.
650 07 - المدخل الاضافى بالموضوع-مصطلح موضوعى
مصدر الرأس أو المصطلح qrmak
مصطلح موضوعي الموهوبون
650 07 - المدخل الاضافى بالموضوع-مصطلح موضوعى
مصدر الرأس أو المصطلح qrmak
مصطلح موضوعي الاطفال الموهوبون
650 07 - المدخل الاضافى بالموضوع-مصطلح موضوعى
مصدر الرأس أو المصطلح qrmak
مصطلح موضوعي الابداع الادبى والفنى
650 07 - المدخل الاضافى بالموضوع-مصطلح موضوعى
مصدر الرأس أو المصطلح qrmak
مصطلح موضوعي النبوغ
651 ## - المدخل الاضافى بالموضوع - اسم جغرافى
مصدر الرأس أو المصطلح qrmak
700 0# - المدخل الاضافى - اسم شخصى
الإسم الشخصى ايمن الارمنازى
الدور اميرة نبيل
700 0# - المدخل الاضافى - اسم شخصى
الإسم الشخصى عبدالرحمن توفيق
الدور مشرف
942 ## - عناصر المدخل الإضافي( كوها)
مصدر التصنيف او مخطط الترفيف Dewey Decimal Classification
Koha [default] item type كتاب
260 ## - PUBLICATION, DISTRIBUTION, ETC. (IMPRINT)
-- القاهرة :
-- مركز الخبرات المهنية للادارة (ببميك) ،
Holdings
حالة التراجع حالة الفقد حالة تلف ليس للاعارة المكان المؤقت الموقع الحالى موقع الترفيف تاريخ الاكتساب اجمالي اﻻعارات رقم الطلب الباركود تاريخ اخر مشاهدة تاريخ تفعيل السعر نوع وعاء كوها
        مكتبة القاهرة الكبرى مكتبة القاهرة الكبرى القاعة الرئيسية 05/15/2018   155.455 / س هـ 164775 05/15/2018 05/15/2018 كتاب

Powered By

EGPV